Guía y álbum de Guadalajara para los viajeros (Record no. 8943)
[ view plain ]
| 000 -CABECERA | |
|---|---|
| campo de control de longitud fija | 01181nam a2200289 a 4500 |
| 001 - NÚMERO DE CONTROL | |
| campo de control | BRL_130 |
| 005 - FECHA Y HORA DE LA ÚLTIMA TRANSACCIÓN | |
| campo de control | 20190320210613.0 |
| 008 - DATOS DE LONGITUD FIJA--INFORMACIÓN GENERAL | |
| campo de control de longitud fija | 171012s1980----mx-a######---#000-0#spa-# |
| 041 ## - CÓDIGO DE LENGUA | |
| Código de lengua del texto/banda sonora o título independiente | spa |
| 044 ## - CÓDIGO DEL PAÍS DE LA ENTIDAD EDITORA/PRODUCTORA | |
| Código MARC del país | mx |
| 050 #4 - SIGNATURA TOPOGRÁFICA DE LA BIBLIOTECA DEL CONGRESO | |
| Número de clasificación | F1391.G9 |
| Número de documento/Ítem | .V55 1980 |
| 100 1# - ENTRADA PRINCIPAL--NOMBRE DE PERSONA | |
| Nombre de persona | Villa Gordoa, José |
| 9 (RLIN) | 22989 |
| 245 10 - MENCIÓN DE TÍTULO | |
| Título | Guía y álbum de Guadalajara para los viajeros |
| Mención de responsabilidad, etc. | por el Licenciado José Villa Gordoa ; introducción por José Rogelio Alvarez ; coordinador de la edición Lic. Fernando Martínez Reding. |
| 260 ## - PUBLICACIÓN, DISTRIBUCIÓN, ETC. | |
| Lugar de publicación, distribución, etc. | México |
| Nombre del editor, distribuidor, etc. | Enciclopedia de México |
| Fecha de publicación, distribución, etc. | 1980 |
| 300 ## - DESCRIPCIÓN FÍSICA | |
| Extensión | 1 v. (en varias paginaciones) |
| Otras características físicas | il. |
| Dimensiones | 23 cm. |
| 500 ## - NOTA GENERAL | |
| Nota general | Facsímil de: Guía y albúm de Guadalajara para los viajeros, 1888 |
| 500 ## - NOTA GENERAL | |
| Nota general | Incluye facsímil del folleto: Fiestas inaugurales del ferrocarril a Guadalajara, 1888 |
| 500 ## - NOTA GENERAL | |
| Nota general | Au134 |
| 651 #4 - PUNTO DE ACCESO ADICIONAL DE MATERIA--NOMBRE GEOGRÁFICO | |
| Nombre geográfico | Guadalajara (Jalisco) |
| Subdivisión general | Descripción y viajes |
| 9 (RLIN) | 22990 |
| 651 #4 - PUNTO DE ACCESO ADICIONAL DE MATERIA--NOMBRE GEOGRÁFICO | |
| Nombre geográfico | Guadalajara (Jalisco) |
| Subdivisión general | Directorios |
| 9 (RLIN) | 22991 |
| 700 1# - PUNTO DE ACCESO ADICIONAL--NOMBRE DE PERSONA | |
| Nombre de persona | Alvarez, José Rogelio |
| 9 (RLIN) | 22992 |
| 700 1# - PUNTO DE ACCESO ADICIONAL--NOMBRE DE PERSONA | |
| Nombre de persona | Martínez Reding, Fernando |
| Término indicativo de función/relación | coord. |
| 9 (RLIN) | 22993 |
| 700 1# - PUNTO DE ACCESO ADICIONAL--NOMBRE DE PERSONA | |
| Nombre de persona | Caballero, Manuel |
| 9 (RLIN) | 22994 |
| 740 0# - PUNTO DE ACCESO ADICIONAL--TÍTULO RELACIONADO O ANALÍTICO NO CONTROLADO | |
| Título relacionado o analítico no controlado | Fiestas inaugurales del ferrocarril a Guadalajara |
| 902 ## - CATALOGADOR | |
| Iniciales | GRL |
| 942 ## - ELEMENTOS DE PUNTO DE ACCESO ADICIONAL (KOHA) | |
| Fuente del sistema de clasificación o colocación | Library of Congress Classification |
| Tipo de ítem Koha | Libros |
| Estado de retiro | Estado de pérdida | Estado dañado | No para préstamo | Localización permanente | Ubicación/localización actual | Fecha de adquisición | Número de inventario | Total de préstamos | Signatura topográfica completa | Código de barras | Fecha visto por última vez | Precio válido a partir de | Tipo de ítem Koha |
|---|---|---|---|---|---|---|---|---|---|---|---|---|---|
| El ejemplar forma parte de la colección y puede ser consultado según las políticas vigentes. | Biblioteca Centro de Estudios Ruth D. Lechuga | Biblioteca Centro de Estudios Ruth D. Lechuga | 17/10/2012 | Au134 | F1391.G9 .V55 1980 (Au134) | GRL00142 | 22/03/2019 | 22/03/2019 | Libros |